000 00711nam a2200217Ii 4500
003 JO-AjNU
008 230605s9999||||xx |||||||||||||| ||und||
040 _aJO-AjNU
_bara
_erda
_cJO-AjNU
041 _aara
050 1 4 _aPJ6161.T332 1989
100 3 _aالطاهر،علي جواد,
_eauthor
_914477
245 0 0 _aمنهج البحث في المثل السائر
250 _aط1
264 3 1 _aبغداد: دار الشؤون الثقافية العامة، 1989
300 _a120ص
336 _atext
_btxt
_2rdacontent
337 _aunmediated
_bn
_2rdamedia
338 _avolume
_bnc
_2rdacarrier
490 0 _aسلسلة خزانة التراث
650 4 _aاللغة العربية-بلاغة
_914478
999 _aA3870
_c7438
_d7438